Statistics for Regions of China with a Map

Click here to take the quiz!

General Stats

  • This quiz has been taken 108 times
  • The average score is 5 of 6

Answers on the Map

Answers color-coded by a green-red scale on the quiz's map according to % correct below.
 

Answer Stats

Region% Correct
North
99%
East
92%
Northwest
90%
Southwest
90%
Northeast
88%
South Central
55%

Score Distribution

Percentile by Number Answered

Percent of People with Each Score

Your Score History

You have not taken this quiz